Statistics for Bauhaus Artists

Click here to take the quiz!

General Stats

  • This quiz has been taken 4 times
  • The average score is 8 of 15

Answer Stats

Answer % Correct
Paul Klee
100%
Walter Gropius
100%
Marcel Breuer
75%
Ludwig Mies van der Rohe
75%
Wassily Kandinsky
75%
László Moholy-Nagy
75%
Johannes Itten
50%
Hannes Meyer
50%
Marianne Brandt
50%
Oskar Schlemmer
50%
Herbert Bayer
50%
Theo van Doesburg
25%
Christian Dell
25%
Joost Schmidt
0%
Josef Hartwig
0%

Score Distribution

Percentile by Number Answered

Percent of People with Each Score

Your Score History

You have not taken this quiz